| 000 | 01068nam a2200229 i 4500 | ||
|---|---|---|---|
| 001 | 41975 | ||
| 003 | ES-MaACL | ||
| 005 | 20250831015842.0 | ||
| 007 | t| | ||
| 008 | 030312s1922 cu ||||1| spa d | ||
| 100 | 1 |
_aCarbonell y Rivero, José Manuel. _935072 |
|
| 245 | 1 | 0 |
_aFrente a la América imperialista, la América de Bolivar _b: discurso pronunciado en la inauguración del curso académico de 1922-1923 por el Presidente de la Academia Nacional de Artes y Letras / _cJosé Manuel Carbonell y Rivero ; Memoria del curso de 1921-1922 por el Secretario... Dr. Ramón A. Catalá. |
| 260 |
_aHabana : _b[s.n.], _c1922 ( _fImp. El Siglo XX) |
||
| 300 |
_a23 p. ; _c24 cm. |
||
| 594 | _aPrecede al tít.: Academia Nacional de Artes y Letras [Habana] | ||
| 651 | 4 |
_aAmérica Latina- _xRelaciones- _zEstados Unidos _97761 |
|
| 651 | 4 |
_aEstados Unidos- _xRelaciones- _zAmérica Latina _98561 |
|
| 700 | 1 |
_aCatalá, Ramon A. _937005 |
|
| 710 | 2 |
_aAcademia Nacional de Artes y Letras (Cuba) _91211 |
|
| 852 |
_aES-MaACL _j1639-F-17 |
||
| 999 |
_c41975 _d41975 |
||